Normal view
MARC view
- تاليف القاري، ملا علي؛ تحقيق أسامة عطايا؛ مراحعة أحمد خالد شكري
Entry Personal Name
001 - CONTROL NUMBER
- control field: 23796
003 - CONTROL NUMBER IDENTIFIER
- control field: JO-AjAnu
005 - DATE AND TIME OF LATEST TRANSACTION
- control field: 20230606074104.0
008 - FIXED-LENGTH DATA ELEMENTS
- fixed length control field: 230606|| aca||aabn | a|a d
040 ## - CATALOGING SOURCE
- Original cataloging agency: JO-AjAnu
- Transcribing agency: JO-AjAnu
100 ## - HEADING--PERSONAL NAME
- Personal name: تاليف القاري، ملا علي؛ تحقيق أسامة عطايا؛ مراحعة أحمد خالد شكري
670 ## - SOURCE DATA FOUND
- Source citation: Work cat.: (JO-AjAnu)12233: تاليف القاري، ملا علي؛ تحقيق أسامة عطايا؛ مراحعة أحمد خالد شكري, author, المنح الفكرية في شرح المقدمة الجزرية